ICarly Quotes Fill In the Blank Quiz Stats

 Plays Quiz not verified by Sporcle

Challenge
Share
Tweet
Embed
Score 0/12 Timer 08:00
0 Plays Today
Quote Missing Word % Correct
Hello ladies, or should I say lady and ___Sam
79.6%
Well, that explains why I'm having to eat my soup with a ____fork
68.2%
Please, call me _______rip-off
42.3%
Aww, you stuck to the _______ceiling
31.8%
I HATE YOU! AND THE _________!internet
29.7%
Well, maybe I should just leave the room before my _____ explodesskirt
18.9%
I _____ your opinioncrave
18.7%
Of course it's ___! Why would i say it's ___ if it wasn't ___? Oh my god, it's ___!her
18.3%
Good, maybe it'll _______explode
16.1%
You're the one who called ___ ____?the cops
15.1%
I'll fire my feminidiot when you fire your _________ !himbecile
8.2%
And that ________ another episode of iCarlycontoods
8%

You're not logged in!

Compare scores with friends on all Sporcle quizzes.
OR
Log In

You Might Also Like...

Show Comments

Extras

Created Nov 6, 2010ReportNominate
Tags:icarly, nick, Nickelodeon

Top Quizzes Today


Score Distribution

Your Account Isn't Verified!

In order to create a playlist on Sporcle, you need to verify the email address you used during registration. Go to your Sporcle Settings to finish the process.

Report this User

Report this user for behavior that violates our Community Guidelines.

Details: